[Event "Santa Catarina-ch U18"]
[Site "Blumenau"]
[Date "2022.03.27"]
[Round "5"]
[White "Felix, Joao Eduardo Orland"]
[Black "Correia, Pedro Bavaresco"]
[Result "1-0"]
[WhiteElo "1582"]
[BlackElo "1932"]
[PlyCount "69"]
[EventDate "2022.03.25"]
[EventType "swiss"]
[EventRounds "6"]
[EventCountry "BRA"]
[SourceTitle "EXT 2023"]
[Source "ChessBase"]
[SourceDate "2022.10.05"]
[SourceVersion "1"]
[SourceVersionDate "2022.10.05"]
[SourceQuality "1"]

1. Nf3 Nf6 2. g3 d5 3. Bg2 e6 4. d3 c5 5. 0-0 Nc6 6. Nbd2 Be7 7. Re1 Qc7 8. e4 b6 9. Nf1 Bb7 10. e5 Nd7 11. Bf4 0-0 12. h4 Rfd8 13. c3 d4 14. c4 a6 15. h5 b5 16. b3 Rab8 17. N1h2 bxc4 18. bxc4 Ba8 19. Ng4 Rb2 20. Re2 Rdb8 21. Rxb2 Rxb2 22. Bc1 Rb8 23. Qe2 Qa5 24. Bf4 Qc3 25. Rc1 Qa3 26. Rc2 Rb1+ 27. Kh2 Nb4 28. Rd2 Nb6 29. Ng5 Bxg2 30. Kxg2 Qc1 31. Nh2 Qh1+ 32. Kh3 Qb7 33. Ne4 Qd7 34. Qg4 Nc6 35. Nf6+ 1-0